000 00376nam a22001697a 4500
005 20160630093558.0
008 160630b xxu||||| |||| 00| 0 eng d
020 _a978-93-89951-02-5
041 _aeng
082 _b10902
100 _aGupta, Anya
_93259
245 _aThe Captainship
260 _bBlooms bury
300 _a163
650 _aManagement
_9241
942 _cBK
999 _c4812
_d4810